书目信息 |
| 题名: |
人类的知识
|
|
| 作者: | 罗素 著 | |
| 分册: | 上 | |
| 出版信息: | 长春 吉林音像出版社 2004 |
|
| 页数: | 314页 | |
| 开本: | 21cm | |
| 丛书名: | 西方学术思想经典(文库) | |
| 单 册: | ||
| 中图分类: | B561.54 | |
| 科图分类: | ||
| 主题词: | 科学哲学 , 哲学--欧洲 | |
| 电子资源: | ||
| ISBN: | 7-5601-2858-0 | |
| 000 | 00884oam2 2200265 45 | |
| 001 | 012006061201 | |
| 005 | 20070706144015.62 | |
| 010 | @a7-5601-2858-0@dCNY456.00(全15册) | |
| 092 | @aCN@b463742 | |
| 100 | @a20060612e20052004em y0chiy0120 ea | |
| 101 | 1 | @achi@ceng |
| 102 | @aCN@b220000 | |
| 105 | @ay z 000yy | |
| 200 | 1 | @a人类的知识@Aren lei de zhi shi@h上@f(英)罗素著@F( ying ) luo su zhu |
| 210 | @a长春@c吉林音像出版社@c吉林大学出版社@d2004@h2005重印 | |
| 215 | @a314页@d21cm | |
| 225 | 2 | @a西方学术思想经典(文库) |
| 330 | @a本书包括:第一部分科学的世界;第二部分语言;第三部分科学与知觉;第四部分科学概念;第五部分概然性;第六部分科学推理的公设。 | |
| 461 | 0 | @12001 @a西方学术思想经典(文库) |
| 606 | 0 | @a科学哲学 |
| 606 | 0 | @a哲学@x欧洲 |
| 690 | @aB561.54@v4 | |
| 701 | 0 | @a罗素@Aluo su@4著 |
| 801 | 0 | @aCN@bLZJBOOK@c20070706 |
| 905 | @a10447@dB561.54@e38:1 | |
| 人类的知识.上/(英)罗素著.-长春:吉林音像出版社:吉林大学出版社,2004(2005重印) |
| 314页;21cm.-(西方学术思想经典(文库)) |
| ISBN 7-5601-2858-0:CNY456.00(全15册) |
| 本书包括:第一部分科学的世界;第二部分语言;第三部分科学与知觉;第四部分科学概念;第五部分概然性;第六部分科学推理的公设。 |
| ● |
| 相关链接 |
|
|
|
|
正题名:人类的知识
索取号:B561.54/38:1
 
预约/预借
| 序号 | 登录号 | 条形码 | 馆藏地/架位号 | 状态 | 备注 |
| 1 | 0566510 | 205665109 | 第一样本阅览室/ [索取号:B561.54/38:1] | 在馆 | |
| 2 | 0566511 | 205665118 | 第一借阅区/ [索取号:B561.54/38:1] | 在馆 | |
| 3 | 0566512 | 205665127 | 第一借阅区/ [索取号:B561.54/38:1] | 在馆 | |
| 4 | 0566513 | 205665136 | 第一借阅区/ [索取号:B561.54/38:1] | 在馆 | |
| 5 | 0566514 | 205665145 | 第一借阅区/ [索取号:B561.54/38:1] | 在馆 | |
| 6 | 0566515 | 205665154 | 第一借阅区/ [索取号:B561.54/38:1] | 在馆 |